| 000 | 00449nam a2200169Ia 4500 | ||
|---|---|---|---|
| 008 | 180921t2017 xxu||||| |||| 00| 0 sin d | ||
| 041 | _asin | ||
| 080 |
_a809.481.1 _bMan |
||
| 100 | _aMangala himi, julampitiye | ||
| 245 | _aදෙමළ භාෂාව | ||
| 246 | _aDemala Bashawa | ||
| 260 |
_bDemala basha Madyastanaya _aMaharagama _c2017 |
||
| 300 | _b274p, 20cm | ||
| 942 | _cBK | ||
| 999 |
_c3500 _d3500 |
||
| 003 | LK-CoDNM | ||
| 040 |
_aLK-CoDNM _dLK-CoDNM _eLK-CoDNM |
||